000
00337nam a2200133Ia 4500
008
240624s9999 xx 000 0 und d
041
_a
eng
082
_a
658.4092 LAR
100
_a
LARKIN ENDA
245
_a
QUICKWIN LEADERSHIP ANSWERS TO YOUR TOP
260
_c
2012
_a
New Delhi
_b
PHI
300
_a
239 : p. : cm. ; 21
365
_c
RS
_b
36
999
_c
18974
_d
18974